00382nam a2200145Ia 4500008004100000020001800041041000800059082001900067100002200086245005400108250000600162260003600168300001300204650001900217210716s2006 xx 000 0 und d a9788131201947 aeng a574.87322 EUNH aEun, Hyone Myong. aEnzymology primer for recombinant DNA technology. a1 aNew DelhibAcademic Pressc2006 axxiv,702 aBioinformatics